Visualizzazione normale
Vista MARC
- Donizetti Gaetano
di Personal Name
Records bibliografici associati: 1
001 - CONTROL NUMBER
- control field: 5997
003 - CONTROL NUMBER IDENTIFIER
- control field: IT-RoPau
005 - DATE AND TIME OF LATEST TRANSACTION
- control field: 20131218154144.0
008 - FIXED-LENGTH DATA ELEMENTS
- fixed length control field: 131218|| aca||aabn | a|a d
040 ## - CATALOGING SOURCE
- Original cataloging agency: IT-RoPau
- Transcribing agency: IT-RoPau
100 ## - HEADING--PERSONAL NAME
- Personal name: Donizetti Gaetano
- Dates associated with a name: Codice autore musica SPICS: 10737
- Relator term: Autore musica
- Name of part/section of a work: Lucia di Lammermoor: chi mi frena (sestetto atto II)
670 ## - SOURCE DATA FOUND
- Source citation: Work cat.: (IT-RoPau)100108: AA.VV. 794, Splendori della lirica italiana-vol.2 (Lp Decca Oph 11)